D-ConvNet: Deep learning model for enhancement of brain MR images; Basic and Clinical Pharmacology and Toxicology; Vol. 124, iss. S2
| Parent link: | Basic and Clinical Pharmacology and Toxicology Vol. 124, iss. S2.— 2019.— [P. 3-4] |
|---|---|
| Körperschaft: | |
| Weitere Verfasser: | , , , |
| Zusammenfassung: | Title screen In clinical and medical imaging, the magnetic resonance (MR) images obtained, generally do not have a very high resolution because of the several factors like patient's comfort, scanning time, scanning equipment limitations, long sampling times, and so on. However, the MR imaging is always favored by physicians as one of the most trusted modes for clinical pathology, disease diagnosis, and treatment. Therefore, the enhancement of low-resolution MR image to a high-resolution MR image is critical for precise and effective clinical diagnosis. Furthermore, single-image super-resolution is an inverse problem because of its ill-posed characteristics. This problem can be surpassed by using deep learning models such as deep convolutional neural networks (D-ConvNet). Режим доступа: по договору с организацией-держателем ресурса |
| Sprache: | Englisch |
| Veröffentlicht: |
2019
|
| Schlagworte: | |
| Online-Zugang: | https://doi.org/10.1111/bcpt.13173 |
| Format: | MixedMaterials Elektronisch Buchkapitel |
| KOHA link: | https://koha.lib.tpu.ru/cgi-bin/koha/opac-detail.pl?biblionumber=663948 |
MARC
| LEADER | 00000naa0a2200000 4500 | ||
|---|---|---|---|
| 001 | 663948 | ||
| 005 | 20250429141104.0 | ||
| 035 | |a (RuTPU)RU\TPU\network\35118 | ||
| 035 | |a RU\TPU\network\27384 | ||
| 090 | |a 663948 | ||
| 100 | |a 20210319d2019 k||y0rusy50 ba | ||
| 101 | 0 | |a eng | |
| 135 | |a drcn ---uucaa | ||
| 181 | 0 | |a i | |
| 182 | 0 | |a b | |
| 200 | 1 | |a D-ConvNet: Deep learning model for enhancement of brain MR images |f К. Srinivasan, V. Sharma, D. N. K. Dzhayakodi (Jayakody) Arachshiladzh, D. R. Vincent | |
| 203 | |a Text |c electronic | ||
| 300 | |a Title screen | ||
| 330 | |a In clinical and medical imaging, the magnetic resonance (MR) images obtained, generally do not have a very high resolution because of the several factors like patient's comfort, scanning time, scanning equipment limitations, long sampling times, and so on. However, the MR imaging is always favored by physicians as one of the most trusted modes for clinical pathology, disease diagnosis, and treatment. Therefore, the enhancement of low-resolution MR image to a high-resolution MR image is critical for precise and effective clinical diagnosis. Furthermore, single-image super-resolution is an inverse problem because of its ill-posed characteristics. This problem can be surpassed by using deep learning models such as deep convolutional neural networks (D-ConvNet). | ||
| 333 | |a Режим доступа: по договору с организацией-держателем ресурса | ||
| 461 | |t Basic and Clinical Pharmacology and Toxicology | ||
| 463 | |t Vol. 124, iss. S2 |v [P. 3-4] |d 2019 | ||
| 610 | 1 | |a электронный ресурс | |
| 610 | 1 | |a труды учёных ТПУ | |
| 610 | 1 | |a МРТ | |
| 610 | 1 | |a диагностика | |
| 610 | 1 | |a патологии | |
| 610 | 1 | |a заболевания | |
| 701 | 1 | |a Srinivasan |b К. |g Kathiravan | |
| 701 | 1 | |a Sharma |b V. |g Vishal | |
| 701 | 1 | |a Dzhayakodi (Jayakody) Arachshiladzh |b D. N. K. |c specialist in the field of electronics |c Professor of Tomsk Polytechnic University |f 1983- |g Dushanta Nalin Kumara |3 (RuTPU)RU\TPU\pers\37962 |9 20606 | |
| 701 | 1 | |a Vincent |b D. R. |g Durai Raj | |
| 712 | 0 | 2 | |a Национальный исследовательский Томский политехнический университет |b Инженерная школа информационных технологий и робототехники |b Научно-образовательный центр "Автоматизация и информационные технологии" |3 (RuTPU)RU\TPU\col\27515 |
| 801 | 0 | |a RU |b 63413507 |c 20210319 |g RCR | |
| 850 | |a 63413507 | ||
| 856 | 4 | |u https://doi.org/10.1111/bcpt.13173 | |
| 942 | |c CF | ||